000
00317nam a2200133Ia 4500
005
20260328101513.0
008
260328s9999||||xx |||||||||||||| ||und||
100
_a
Fry, Roger
245
0
_a
Vision y DiseƱo /
_c
Roger Fry
260
_b
Galatea Nueva Vision
300
_a
143 p.
650
_a
ARQUITECTURA
942
_c
BK
999
_c
9279
_d
9279